000 00885nam a22002057a 4500
999 _c5424
_d5424
003 AR-CdUCM
008 190312b ||||| |||| 00| 0 spa d
040 _aMUNICIPALIDAD PROVINCIAL DEL CUSCO
_cBIBLIOTECA MUNICIPAL DEL CUSCO
082 _a305.4 /
_bH11
245 _aHablan las defensoras comunitarias :
_buna justicia distinta para las mujeres /
260 _aCusco :
_c2005.
300 _a157 páginas ;
_bfotos ; ilustraciones ;
_c30 cm.
500 _aTexto fotocopia.
505 _aContenido : Nuestro primer contacto con las defensorías comunitarias -- Llegan los primeros casos -- Así trabajamos: amachaspa -- Los cambios que produce en nosotras ser defensoras -- Sumando esfuerzos para continuar: nuestra CODECC ...
650 _aMujer
_944087
650 _aDefensorías comunitarias
_916336
650 _aMujeres defensoras
_916337
942 _2ddc
_cLIBROS
945 _azta